000
00245nam a22000857a 4500
008
161201b xxu||||| |||| 00| 0 eng d
100
_9
1629
_a
Dixon. F. W
245
_a
The hardy boys: 6 : The mystery of the desert
260
_a
New york
_b
Gross root
_c
1993
999
_c
4341
_d
4341